| Поле | Инд. | ПП | Название | Значение |
|---|---|---|---|---|
| Тип записи | a | |||
| Библиографический уровень | b | |||
| 001 | Контрольный номер | RU/IS/BASE/335380460 | ||
| 005 | Дата корректировки | 20200609191245.1 | ||
| 008 | Кодируемые данные | 20100817 | ||
| 040 | b | Код языка каталог. | rus | |
| e | Правила каталог. | PSBO | ||
| 041 | 0_ | a | Код языка текста | rus |
| 084 | a | Индекс другой классификации/Индекс ББК | 67.910.83г | |
| 100 | 1_ | a | Автор | Акназарова Д. Р. |
| 245 | 10 | a | Заглавие | Реформа административной юстиции в ООН: проблемы и перспективы |
| 504 | a | Библиография | Подстроч. ссылки. - Библиогр. | |
| 650 | a | Основная рубрика | международное право | |
| a | Основная рубрика | международное публичное право | ||
| a | Основная рубрика | право | ||
| 653 | a | Ключевые слова | административное правосудие | |
| a | Ключевые слова | Административный трибунал ООН | ||
| a | Ключевые слова | международная административная юстиция | ||
| a | Ключевые слова | международные суды | ||
| a | Ключевые слова | Международный суд ООН | ||
| a | Ключевые слова | Организация Объединенных Наций (ООН) | ||
| 773 | 08 | t | Заглавие источника | Вестник Московского университета. Серия 11, Право |
| d | Дата издания источника | 2010 | ||
| g | Прочая информация | № 2. - С. 53 - 60 | ||
| w | Контрольный № источника | RU/IS/BASE/328719420 | ||
| 901 | t | Тип документа | b |